01027 a2200133 4500001000700000040003200007090000800039245001000047520068800057650003000745942000700775952009200782999001900874122081 cEscola Canadense de Niteroi aCAR10aRivet aLittle Charley Bear fans will adore this delightful little library. Come and meet Little Charley Bear and all of his friends in this adorable little library. Get to know all of the wonderful characters from this exciting new series including Caramel the cow, Frozo the penguin, baby bear Midge and many more! These six mini Little Charley Bear books are presented in an irresistibly cute slipcase. The backs of the six books make a jigsaw, which is perfect for little hands to play with. Join Charley Bear and his friends on more amazing adventures in the series including: Who are you today, Little Charley Bear? sound book, Sheriff Charley storybook and Up in the Air Charley Bear. 4aKindergarten's Literature cBK 00104070a80.1b80.1d2024-02-09l0oCARpA25992r2024-02-09 21:18:00w2024-02-09yBK c122081d122081